000 01057nam2a22003131 4500
001 v19\rc\1595304
005 20250618215449.0
035 _a(NLR Aleph) 004718784
090 _a4303012
_c4303012
100 _a20061002d1895 |||y0rusy50 ca
101 0 _arus
102 _aRU
105 _ay z |||||
200 0 _aТ. 3
_eГл. 8-16
210 _d1895
_aБ. м.
215 _a[2], 445 с.
461 0 _1001v19\rc\1595300
_12001#$aУголовное уложение$eОбъяснения к Проекту Ред. комис. Т. 1-$vТ. 3
_94302960
_cСанкт-Петербург
_d1895
_nГос. тип.
_oОбъяснения к Проекту Ред. комис. Т. 1-
_tУголовное уложение
_vТ. 3
801 0 _aRU
_bNLR
_gpsbo
801 0 _aRU
_bRuMoRGB
_2psbo
801 1 _aRU
_bProSoft-M
_2rusmarc
852 _aNLR
_j37.43.8.67(3)
899 _aRuMoRGB
_jE 127/1
899 _aRuMoRGB
_jE 127/2
899 _aRuMoRGB
_jE 127/3
899 _aБАН
899 _aНБ СПбГУ
899 _aНБ МГУ
942 _cBOOK
980 _aNB